01961cam a22003854i 4500003000900000005001700009008004100026020001500067020001500082035002700097040003300124082002000157100003600177245011600213250000700329264004000336300002800376336002100404337002500425338002300450505096000473526001001433526001001443526001001453526001001463526000801473526000801481526000801489526000801497526000801505526000801513526000801521541001601529650003001545PE-LiUPU20250731173327.0150625s r 000 0 d a8477260362 a8427117094 a(Sirsi) i9788477260363 aPE-LiUPUbspacPE-LiUPUerda04a220.63bA422211 aAlonso Schökel, Luis,eautor.10aHermenéutica de la palabra :binterpretación teológica de textos bíblicos.n3 /cLuis Alonso Schökel. aes 1aBilbao :bEga - Mensajero,c[200.]. a368 páginas ;c21 cm. atext2rdacontent aunmediated2rdamedia avolume2rdacarrier0 aExégesis. -Motivos sapienciales y de alianza en Gn 2-3. -Jeremías como anti-Moisés. -"Tu eres la esperanza de Jesús". -"Somos iguales que nuestros hermanos": para una exégesis de Neh 5, 1-13. Tecnología, ecología, contemplación. -Jerusalén inocente intercede Baruc 4, 9-19. -Visión del hombre en Sir 17, 1-14. -Las sandalias del Mesías esposo (Jn 1, 27). -"Lo engendra el Espíritu fecundando el agua" (Jn 3,5). -Heb 4, 12-13: componentes y estructura. -Teología bíblica. -Teología bíblica del Antiguo Testamento. -Teología bíblica: Antiguo Testamento. -Lo horizontal y lo vertical: planteamientos en el Antiguo Testamento. -La Redención, obra de solidaridad. -¿Temer o respetar a Dios?. -Generosidad: Mt 6, 22-23. -"Contempladlo y quedaréis radiantes": Sal 34:6. -La tierra se le ha dado a los hombres. -El "principio y fundamente" de San Ignacio a la luz de la Biblia. -Obediencia en el Antiguo Testamento. aSEG42 aSEG41 aSEG40 aSEG39 aP94 aP87 aP86 aP85 aP77 aP76 aP35 g001-001317;04aHermenéutica bíblica.